000 00622nam a2200241Ia 4500
003 OSt
005 20221005121158.0
006 a|||||r|||| 00| 0
007 ta
008 221004b |||||||| |||| 00| 0 eng d
024 _a56711
037 _cTextual
040 _aCRL
_cCRL
_beng
041 _2eng
_aeng
082 _aU:1f, 113J7
100 _aVisintin L Ed.
_9630214
245 0 _aGoldmans hand atlas
260 _c1957
650 _aGEOGRAPHY
700 _a Goldmann Wilhelm Ed.
_9630215
942 _hU:1f, 113J7
_cTEXL
_2cc
999 _c1040378
_d1040378